[Event "European Chess Club Cup 2023"]
[Site "Durres, Albania"]
[Date "2023.10.03"]
[Round "3.68"]
[White "Dvirnyy, Danyyil"]
[Black "Van Haastert, Edwin"]
[Result "0-1"]
[TimeControl "90' + 30' & 30\""]
[WhiteElo "2500"]
[BlackElo "2427"]

1. e4 {[%clk 01:30:57]} {[%emt 00:00:02]} e6 {[%clk 01:16:44]} {[%emt
00:14:16]} 2. d4 {[%clk 01:30:44]} {[%emt 00:00:42]} d5 {[%clk 01:17:03]}
{[%emt 00:00:11]} 3. Nc3 {[%clk 01:28:23]} {[%emt 00:02:51]} Nf6 {[%clk
01:17:16]} {[%emt 00:00:17]} 4. Bg5 {[%clk 01:26:22]} {[%emt 00:02:32]} dxe4
{[%clk 01:17:04]} {[%emt 00:00:43]} 5. Nxe4 {[%clk 01:26:42]} {[%emt 00:00:10]}
Be7 {[%clk 01:17:19]} {[%emt 00:00:14]} 6. Nxf6+ {[%clk 01:24:01]} {[%emt
00:03:12]} Bxf6 {[%clk 01:17:23]} {[%emt 00:00:26]} 7. Bxf6 {[%clk 01:24:24]}
{[%emt 00:00:07]} Qxf6 {[%clk 01:17:47]} {[%emt 00:00:05]} 8. Nf3 {[%clk
01:24:48]} {[%emt 00:00:06]} O-O {[%clk 01:17:43]} {[%emt 00:00:34]} 9. Qd3
{[%clk 01:25:02]} {[%emt 00:00:16]} c5 {[%clk 01:15:42]} {[%emt 00:02:30]} 10.
O-O-O {[%clk 01:25:06]} {[%emt 00:00:26]} Rd8 {[%clk 01:15:40]} {[%emt
00:00:32]} 11. Qe4 {[%clk 01:15:25]} {[%emt 00:10:11]} Nc6 {[%clk 01:13:21]}
{[%emt 00:02:49]} 12. Bd3 {[%clk 01:09:47]} {[%emt 00:06:09]} Qh6+ {[%clk
01:13:36]} {[%emt 00:00:15]} 13. Kb1 {[%clk 01:09:49]} {[%emt 00:00:28]} cxd4
{[%clk 01:06:14]} {[%emt 00:07:52]} 14. Bb5 {[%clk 01:05:09]} {[%emt 00:05:10]}
Bd7 {[%clk 01:04:40]} {[%emt 00:02:04]} 15. Nxd4 {[%clk 00:30:36]} {[%emt
00:35:03]} f5 {[%clk 01:04:44]} {[%emt 00:00:27]} 16. Qe3 {[%clk 00:30:39]}
{[%emt 00:00:27]} Nxd4 {[%clk 01:02:54]} {[%emt 00:02:19]} 17. Bxd7 {[%clk
00:25:07]} {[%emt 00:06:02]} Rxd7 {[%clk 01:02:12]} {[%emt 00:01:12]} 18. Rxd4
{[%clk 00:23:46]} {[%emt 00:01:51]} Qxe3 {[%clk 01:01:50]} {[%emt 00:00:52]} 19.
fxe3 {[%clk 00:24:12]} {[%emt 00:00:04]} Rad8 {[%clk 00:56:02]} {[%emt
00:06:18]} 20. Rhd1 {[%clk 00:07:05]} {[%emt 00:17:37]} Rxd4 {[%clk 00:56:22]}
{[%emt 00:00:10]} 21. exd4 {[%clk 00:06:41]} {[%emt 00:00:56]} e5 {[%clk
00:52:10]} {[%emt 00:04:41]} 22. d5 {[%clk 00:06:57]} {[%emt 00:00:14]} b5
{[%clk 00:51:27]} {[%emt 00:01:13]} 23. a4 {[%clk 00:05:59]} {[%emt 00:01:28]}
a6 {[%clk 00:46:06]} {[%emt 00:05:51]} 24. axb5 {[%clk 00:05:46]} {[%emt
00:00:44]} axb5 {[%clk 00:46:29]} {[%emt 00:00:06]} 25. Ka2 {[%clk 00:05:54]}
{[%emt 00:00:22]} Kf7 {[%clk 00:45:58]} {[%emt 00:01:00]} 26. Kb3 {[%clk
00:06:04]} {[%emt 00:00:20]} Ke7 {[%clk 00:45:56]} {[%emt 00:00:32]} 27. Kb4
{[%clk 00:05:56]} {[%emt 00:00:38]} Kd6 {[%clk 00:45:46]} {[%emt 00:00:40]} 28.
Ra1 {[%clk 00:00:59]} {[%emt 00:05:27]} Rc8 {[%clk 00:38:13]} {[%emt 00:08:03]}
29. c3 {[%clk 00:00:57]} {[%emt 00:00:33]} Kxd5 {[%clk 00:37:40]} {[%emt
00:01:02]} 30. Ra7 {[%clk 00:01:20]} {[%emt 00:00:06]} g5 {[%clk 00:35:49]}
{[%emt 00:02:22]} 31. Rxh7 {[%clk 00:00:46]} {[%emt 00:01:04]} g4 {[%clk
00:28:58]} {[%emt 00:07:21]} 32. Rd7+ {[%clk 00:00:41]} {[%emt 00:00:35]} Ke4
{[%clk 00:29:11]} {[%emt 00:00:17]} 33. b3 {[%clk 00:00:35]} {[%emt 00:00:36]}
Rh8 {[%clk 00:26:28]} {[%emt 00:03:13]} 34. Kxb5 {[%clk 00:01:00]} {[%emt
00:00:05]} Rxh2 {[%clk 00:26:52]} {[%emt 00:00:06]} 35. Rd1 {[%clk 00:00:32]}
{[%emt 00:00:58]} f4 {[%clk 00:25:43]} {[%emt 00:01:39]} 36. c4 {[%clk
00:00:57]} {[%emt 00:00:06]} Rxg2 {[%clk 00:24:58]} {[%emt 00:01:15]} 37. Rc1
{[%clk 00:01:02]} {[%emt 00:00:25]} f3 {[%clk 00:24:35]} {[%emt 00:00:53]} 38.
c5 {[%clk 00:01:27]} {[%emt 00:00:05]} Rh2 {[%clk 00:22:44]} {[%emt 00:02:21]}
0-1

[Event "European Chess Club Cup 2023"]
[Site "Durres, Albania"]
[Date "2023.10.03"]
[Round "3.69"]
[White "De Jong, Jan-Willem"]
[Black "Carnicelli, Valerio"]
[Result "0-1"]
[TimeControl "90' + 30' & 30\""]
[WhiteElo "2412"]
[BlackElo "2403"]

1. c4 {[%clk 01:30:54]} {[%emt 00:00:05]} Nf6 {[%clk 01:30:57]} {[%emt
00:00:04]} 2. Nc3 {[%clk 01:31:10]} {[%emt 00:00:15]} g6 {[%clk 01:31:23]}
{[%emt 00:00:04]} 3. Nf3 {[%clk 01:30:46]} {[%emt 00:00:53]} Bg7 {[%clk
01:31:49]} {[%emt 00:00:05]} 4. g3 {[%clk 01:30:44]} {[%emt 00:00:32]} O-O
{[%clk 01:32:13]} {[%emt 00:00:06]} 5. Bg2 {[%clk 01:31:07]} {[%emt 00:00:06]}
d6 {[%clk 01:32:40]} {[%emt 00:00:05]} 6. d4 {[%clk 01:31:25]} {[%emt
00:00:11]} Nbd7 {[%clk 01:32:48]} {[%emt 00:00:21]} 7. O-O {[%clk 01:31:15]}
{[%emt 00:00:40]} e5 {[%clk 01:32:57]} {[%emt 00:00:22]} 8. e4 {[%clk
01:31:19]} {[%emt 00:00:25]} exd4 {[%clk 01:33:05]} {[%emt 00:00:23]} 9. Nxd4
{[%clk 01:31:40]} {[%emt 00:00:07]} Re8 {[%clk 01:33:20]} {[%emt 00:00:15]} 10.
h3 {[%clk 01:26:48]} {[%emt 00:05:22]} Nc5 {[%clk 01:33:23]} {[%emt 00:00:27]}
11. Re1 {[%clk 01:26:38]} {[%emt 00:00:40]} h6 {[%clk 01:32:35]} {[%emt
00:01:19]} 12. Rb1 {[%clk 01:20:48]} {[%emt 00:06:19]} a5 {[%clk 01:30:31]}
{[%emt 00:02:34]} 13. Ndb5 {[%clk 01:18:21]} {[%emt 00:02:57]} Bf8 {[%clk
01:28:02]} {[%emt 00:03:00]} 14. b3 {[%clk 01:09:39]} {[%emt 00:09:12]} c6
{[%clk 01:27:12]} {[%emt 00:01:20]} 15. Nd4 {[%clk 01:09:47]} {[%emt 00:00:20]}
Bg7 {[%clk 01:26:48]} {[%emt 00:00:54]} 16. a3 {[%clk 01:05:00]} {[%emt
00:05:18]} Nh7 {[%clk 01:21:09]} {[%emt 00:06:08]} 17. b4 {[%clk 00:57:53]}
{[%emt 00:07:37]} axb4 {[%clk 01:21:20]} {[%emt 00:00:19]} 18. axb4 {[%clk
00:58:20]} {[%emt 00:00:02]} Ne6 {[%clk 01:20:39]} {[%emt 00:01:11]} 19. Nxe6
{[%clk 00:39:14]} {[%emt 00:19:36]} Bxe6 {[%clk 01:20:59]} {[%emt 00:00:08]} 20.
Qd3 {[%clk 00:39:33]} {[%emt 00:00:13]} Ng5 {[%clk 01:16:24]} {[%emt 00:05:05]}
21. h4 {[%clk 00:31:04]} {[%emt 00:09:00]} Nh3+ {[%clk 01:15:46]} {[%emt
00:01:08]} 22. Bxh3 {[%clk 00:31:28]} {[%emt 00:00:05]} Bxh3 {[%clk 01:16:11]}
{[%emt 00:00:05]} 23. Bb2 {[%clk 00:25:27]} {[%emt 00:06:31]} Bg4 {[%clk
01:03:15]} {[%emt 00:13:26]} 24. f3 {[%clk 00:18:32]} {[%emt 00:07:25]} Be6
{[%clk 01:02:10]} {[%emt 00:01:35]} 25. Ne2 {[%clk 00:12:14]} {[%emt 00:06:48]}
Ra2 {[%clk 00:53:14]} {[%emt 00:09:25]} 26. Bxg7 {[%clk 00:11:56]} {[%emt
00:00:48]} Kxg7 {[%clk 00:48:03]} {[%emt 00:05:42]} 27. Nc1 {[%clk 00:11:50]}
{[%emt 00:00:37]} Ra4 {[%clk 00:44:37]} {[%emt 00:03:56]} 28. Rd1 {[%clk
00:09:38]} {[%emt 00:02:43]} Qf6 {[%clk 00:36:38]} {[%emt 00:08:28]} 29. Qd4
{[%clk 00:08:06]} {[%emt 00:02:02]} Rea8 {[%clk 00:35:21]} {[%emt 00:01:47]} 30.
Kf2 {[%clk 00:07:25]} {[%emt 00:01:10]} Ra1 {[%clk 00:30:40]} {[%emt 00:05:11]}
31. Rxa1 {[%clk 00:04:20]} {[%emt 00:03:36]} Rxa1 {[%clk 00:30:39]} {[%emt
00:00:30]} 32. Ke3 {[%clk 00:03:36]} {[%emt 00:01:13]} Rb1 {[%clk 00:27:01]}
{[%emt 00:04:08]} 33. c5 {[%clk 00:00:58]} {[%emt 00:03:09]} Qxd4+ {[%clk
00:27:16]} {[%emt 00:00:16]} 0-1

[Event "European Chess Club Cup 2023"]
[Site "Durres, Albania"]
[Date "2023.10.03"]
[Round "3.70"]
[White "Boraso, Alessio"]
[Black "Van Der Werf, Mark"]
[Result "1/2-1/2"]
[TimeControl "90' + 30' & 30\""]
[WhiteElo "2258"]
[BlackElo "2399"]

1. e4 {[%clk 01:30:36]} {[%emt 00:00:21]} e5 {[%clk 01:30:57]} {[%emt
00:00:06]} 2. Bc4 {[%clk 01:30:56]} {[%emt 00:00:09]} Nf6 {[%clk 01:31:19]}
{[%emt 00:00:08]} 3. d3 {[%clk 01:31:18]} {[%emt 00:00:09]} Bc5 {[%clk
01:31:32]} {[%emt 00:00:16]} 4. Nc3 {[%clk 01:30:15]} {[%emt 00:01:34]} c6
{[%clk 01:31:55]} {[%emt 00:00:08]} 5. Nf3 {[%clk 01:28:25]} {[%emt 00:02:19]}
d6 {[%clk 01:31:31]} {[%emt 00:00:53]} 6. h3 {[%clk 01:27:25]} {[%emt
00:01:30]} b5 {[%clk 01:31:30]} {[%emt 00:00:30]} 7. Bb3 {[%clk 01:27:31]}
{[%emt 00:00:25]} a5 {[%clk 01:31:50]} {[%emt 00:00:10]} 8. a4 {[%clk
01:25:35]} {[%emt 00:02:25]} b4 {[%clk 01:32:15]} {[%emt 00:00:06]} 9. Ne2
{[%clk 01:25:00]} {[%emt 00:01:06]} Bb6 {[%clk 01:30:09]} {[%emt 00:02:35]} 10.
Ng3 {[%clk 01:19:46]} {[%emt 00:05:45]} O-O {[%clk 01:28:20]} {[%emt 00:02:20]}
11. O-O {[%clk 01:18:19]} {[%emt 00:01:57]} Nbd7 {[%clk 01:26:53]} {[%emt
00:01:56]} 12. c3 {[%clk 01:12:22]} {[%emt 00:06:27]} d5 {[%clk 01:15:39]}
{[%emt 00:11:44]} 13. Re1 {[%clk 00:56:21]} {[%emt 00:16:32]} Re8 {[%clk
01:11:40]} {[%emt 00:04:29]} 14. Bg5 {[%clk 00:50:37]} {[%emt 00:06:12]} h6
{[%clk 01:02:03]} {[%emt 00:10:08]} 15. Bxf6 {[%clk 00:42:03]} {[%emt
00:09:04]} Nxf6 {[%clk 01:00:04]} {[%emt 00:02:30]} 16. exd5 {[%clk 00:40:07]}
{[%emt 00:02:26]} Nxd5 {[%clk 00:58:26]} {[%emt 00:02:08]} 17. Rxe5 {[%clk
00:34:04]} {[%emt 00:06:32]} Be6 {[%clk 00:55:30]} {[%emt 00:03:26]} 18. Qd2
{[%clk 00:29:41]} {[%emt 00:04:53]} bxc3 {[%clk 00:49:39]} {[%emt 00:06:22]} 19.
bxc3 {[%clk 00:30:00]} {[%emt 00:00:11]} Bc7 {[%clk 00:48:35]} {[%emt
00:01:34]} 20. Ree1 {[%clk 00:28:39]} {[%emt 00:01:50]} Bxg3 {[%clk 00:43:00]}
{[%emt 00:06:05]} 21. Bxd5 {[%clk 00:18:19]} {[%emt 00:10:50]} Bxf2+ {[%clk
00:42:56]} {[%emt 00:00:34]} 22. Qxf2 {[%clk 00:18:41]} {[%emt 00:00:08]} Qxd5
{[%clk 00:42:57]} {[%emt 00:00:29]} 23. Qd4 {[%clk 00:14:40]} {[%emt 00:04:32]}
Red8 {[%clk 00:39:17]} {[%emt 00:04:09]} 24. Qxd5 {[%clk 00:14:37]} {[%emt
00:00:34]} Bxd5 {[%clk 00:37:59]} {[%emt 00:01:48]} 25. d4 {[%clk 00:10:07]}
{[%emt 00:04:59]} Bxf3 {[%clk 00:33:06]} {[%emt 00:05:23]} 26. gxf3 {[%clk
00:10:29]} {[%emt 00:00:09]} c5 {[%clk 00:33:31]} {[%emt 00:00:05]} 27. Rad1
{[%clk 00:08:19]} {[%emt 00:02:39]} cxd4 {[%clk 00:28:39]} {[%emt 00:05:22]} 28.
cxd4 {[%clk 00:07:46]} {[%emt 00:01:03]} Rab8 {[%clk 00:27:58]} {[%emt
00:01:11]} 29. Re5 {[%clk 00:05:44]} {[%emt 00:02:32]} Rb4 {[%clk 00:27:49]}
{[%emt 00:00:40]} 30. Rxa5 {[%clk 00:04:13]} {[%emt 00:02:01]} Rbxd4 {[%clk
00:28:02]} {[%emt 00:00:18]} 31. Rxd4 {[%clk 00:04:19]} {[%emt 00:00:22]} Rxd4
{[%clk 00:27:46]} {[%emt 00:00:48]} 32. Kf2 {[%clk 00:03:34]} {[%emt 00:01:15]}
g5 {[%clk 00:28:10]} {[%emt 00:00:06]} 33. Ra6 {[%clk 00:03:18]} {[%emt
00:00:46]} Kg7 {[%clk 00:28:33]} {[%emt 00:00:08]} 34. Kg3 {[%clk 00:02:37]}
{[%emt 00:01:10]} f6 {[%clk 00:28:10]} {[%emt 00:00:53]} 35. Ra8 {[%clk
00:02:49]} {[%emt 00:00:19]} h5 {[%clk 00:28:07]} {[%emt 00:00:33]} 36. Rb8
{[%clk 00:01:45]} {[%emt 00:01:34]} Rxa4 {[%clk 00:25:56]} {[%emt 00:02:41]} 37.
Rb2 {[%clk 00:01:38]} {[%emt 00:00:37]} Kg6 {[%clk 00:26:17]} {[%emt 00:00:09]}
38. Rc2 {[%clk 00:01:37]} {[%emt 00:00:31]} Ra1 {[%clk 00:24:09]} {[%emt
00:02:37]} 39. Rb2 {[%clk 00:01:08]} {[%emt 00:00:59]} Rd1 {[%clk 00:23:41]}
{[%emt 00:00:58]} 40. Ra2 {[%clk 00:00:37]} {[%emt 00:01:01]} Kf5 {[%clk
00:22:30]} {[%emt 00:01:41]} 41. Ra5+ {[%clk 00:28:01]} {[%emt 00:03:06]} Kg6
{[%clk 00:52:44]} {[%emt 00:00:15]} 42. Ra2 {[%clk 00:28:27]} {[%emt 00:00:04]}
Rd5 {[%clk 00:53:05]} {[%emt 00:00:09]} 43. Rb2 {[%clk 00:24:21]} {[%emt
00:04:36]} Ra5 {[%clk 00:52:17]} {[%emt 00:01:19]} 44. Rc2 {[%clk 00:24:32]}
{[%emt 00:00:19]} Ra3 {[%clk 00:51:45]} {[%emt 00:01:02]} 45. Rb2 {[%clk
00:22:33]} {[%emt 00:02:29]} h4+ {[%clk 00:51:56]} {[%emt 00:00:19]} 46. Kf2
{[%clk 00:21:53]} {[%emt 00:01:09]} Ra4 {[%clk 00:51:06]} {[%emt 00:01:21]} 47.
Rc2 {[%clk 00:20:54]} {[%emt 00:01:29]} Kf5 {[%clk 00:50:48]} {[%emt 00:00:48]}
48. Rd2 {[%clk 00:20:05]} {[%emt 00:01:19]} Ke5 {[%clk 00:50:02]} {[%emt
00:01:16]} 49. Re2+ {[%clk 00:18:31]} {[%emt 00:02:05]} Kd5 {[%clk 00:50:11]}
{[%emt 00:00:20]} 50. Rd2+ {[%clk 00:16:58]} {[%emt 00:02:04]} Rd4 {[%clk
00:50:29]} {[%emt 00:00:11]} 51. Ra2 {[%clk 00:16:54]} {[%emt 00:00:34]} Ke5
{[%clk 00:50:15]} {[%emt 00:00:44]} 52. Ke3 {[%clk 00:15:51]} {[%emt 00:01:32]}
Rd1 {[%clk 00:49:42]} {[%emt 00:01:04]} 53. Ra5+ {[%clk 00:15:27]} {[%emt
00:00:55]} Ke6 {[%clk 00:49:52]} {[%emt 00:00:19]} 54. Kf2 {[%clk 00:06:23]}
{[%emt 00:09:34]} Rd2+ {[%clk 00:49:49]} {[%emt 00:00:33]} 55. Kg1 {[%clk
00:06:52]} {[%emt 00:00:02]} Rd5 {[%clk 00:46:39]} {[%emt 00:03:40]} 56. Ra2
{[%clk 00:07:02]} {[%emt 00:00:20]} Ke5 {[%clk 00:46:57]} {[%emt 00:00:12]} 57.
Kf2 {[%clk 00:07:17]} {[%emt 00:00:15]} Rd4 {[%clk 00:47:05]} {[%emt 00:00:22]}
58. Ke3 {[%clk 00:06:27]} {[%emt 00:01:20]} Rd5 {[%clk 00:47:08]} {[%emt
00:00:26]} 59. Rb2 {[%clk 00:06:29]} {[%emt 00:00:27]} Ra5 {[%clk 00:47:32]}
{[%emt 00:00:06]} 60. Rc2 {[%clk 00:05:27]} {[%emt 00:01:33]} Ra3+ {[%clk
00:46:05]} {[%emt 00:01:56]} 61. Kf2 {[%clk 00:05:34]} {[%emt 00:00:23]} Kd4
{[%clk 00:41:39]} {[%emt 00:04:55]} 62. Rd2+ {[%clk 00:04:45]} {[%emt
00:01:19]} Rd3 {[%clk 00:40:43]} {[%emt 00:01:25]} 63. Ra2 {[%clk 00:05:13]}
{[%emt 00:00:02]} Ke5 {[%emt 00:04:37]} 1/2-1/2

[Event "European Chess Club Cup 2023"]
[Site "Durres, Albania"]
[Date "2023.10.03"]
[Round "3.71"]
[White "Bosman, Michiel"]
[Black "Massironi, Marco"]
[Result "0-1"]
[TimeControl "90' + 30' & 30\""]
[WhiteElo "2366"]
[BlackElo "2144"]

1. d4 {[%clk 01:30:18]} {[%emt 00:00:41]} Nf6 {[%clk 01:30:51]} {[%emt
00:00:09]} 2. c4 {[%clk 01:30:04]} {[%emt 00:00:45]} g6 {[%clk 01:31:14]}
{[%emt 00:00:07]} 3. Nc3 {[%clk 01:30:07]} {[%emt 00:00:27]} d5 {[%clk
01:31:34]} {[%emt 00:00:10]} 4. cxd5 {[%clk 01:28:01]} {[%emt 00:02:36]} Nxd5
{[%clk 01:32:00]} {[%emt 00:00:03]} 5. e4 {[%clk 01:27:43]} {[%emt 00:00:47]}
Nxc3 {[%clk 01:32:22]} {[%emt 00:00:09]} 6. bxc3 {[%clk 01:28:12]} {[%emt
00:00:01]} Bg7 {[%clk 01:32:41]} {[%emt 00:00:10]} 7. Nf3 {[%clk 01:27:55]}
{[%emt 00:00:47]} c5 {[%clk 01:33:02]} {[%emt 00:00:09]} 8. Bb5+ {[%clk
01:27:01]} {[%emt 00:01:24]} Nc6 {[%clk 01:10:39]} {[%emt 00:22:54]} 9. Rb1
{[%clk 01:24:40]} {[%emt 00:02:52]} cxd4 {[%clk 00:59:16]} {[%emt 00:11:52]} 10.
cxd4 {[%clk 01:23:47]} {[%emt 00:01:23]} O-O {[%clk 00:58:24]} {[%emt
00:01:21]} 11. d5 {[%clk 01:18:52]} {[%emt 00:05:25]} Ne5 {[%clk 00:50:22]}
{[%emt 00:08:32]} 12. Nxe5 {[%clk 00:54:37]} {[%emt 00:24:46]} Bxe5 {[%clk
00:50:49]} {[%emt 00:00:03]} 13. O-O {[%clk 00:54:56]} {[%emt 00:00:11]} a6
{[%clk 00:24:41]} {[%emt 00:26:38]} 14. Be2 {[%clk 00:39:35]} {[%emt 00:15:51]}
b5 {[%clk 00:20:52]} {[%emt 00:04:18]} 15. Bh6 {[%clk 00:30:09]} {[%emt
00:09:55]} Re8 {[%clk 00:20:21]} {[%emt 00:01:01]} 16. a4 {[%clk 00:26:59]}
{[%emt 00:03:41]} e6 {[%clk 00:08:53]} {[%emt 00:11:57]} 17. f4 {[%clk
00:26:43]} {[%emt 00:00:46]} Bc3 {[%clk 00:06:13]} {[%emt 00:03:10]} 18. d6
{[%clk 00:08:35]} {[%emt 00:18:38]} e5 {[%clk 00:01:25]} {[%emt 00:05:18]} 19.
Bg5 {[%clk 00:06:03]} {[%emt 00:03:02]} Qd7 {[%clk 00:01:54]} {[%emt 00:00:01]}
20. fxe5 {[%clk 00:05:30]} {[%emt 00:01:03]} Bxe5 {[%clk 00:01:46]} {[%emt
00:00:38]} 21. Be7 {[%clk 00:05:56]} {[%emt 00:00:04]} Rxe7 {[%clk 00:00:52]}
{[%emt 00:01:24]} 22. dxe7 {[%clk 00:06:02]} {[%emt 00:00:23]} Qxe7 {[%clk
00:01:21]} {[%emt 00:00:01]} 23. Bf3 {[%clk 00:01:42]} {[%emt 00:04:51]} Be6
{[%clk 00:01:02]} {[%emt 00:00:50]} 24. axb5 {[%clk 00:02:07]} {[%emt
00:00:05]} axb5 {[%clk 00:01:31]} 25. Qd2 {[%clk 00:01:05]} {[%emt 00:01:32]}
Ra2 {[%clk 00:01:30]} {[%emt 00:00:31]} 26. Qh6 {[%clk 00:01:26]} {[%emt
00:00:09]} Bd4+ {[%clk 00:01:49]} {[%emt 00:00:12]} 27. Kh1 {[%clk 00:01:52]}
{[%emt 00:00:04]} Bg7 {[%clk 00:02:16]} {[%emt 00:00:02]} 28. Qf4 {[%clk
00:02:07]} {[%emt 00:00:16]} Bc4 {[%clk 00:01:47]} {[%emt 00:00:59]} 29. Rfd1
{[%clk 00:01:24]} {[%emt 00:01:13]} Be5 {[%clk 00:01:56]} {[%emt 00:00:21]} 30.
Qh6 {[%clk 00:01:29]} {[%emt 00:00:25]} Bg7 {[%clk 00:02:13]} {[%emt 00:00:13]}
31. Qe3 {[%clk 00:01:15]} {[%emt 00:00:43]} Be5 {[%clk 00:01:55]} {[%emt
00:00:48]} 32. Qb6 {[%clk 00:01:13]} {[%emt 00:00:30]} Bc7 {[%clk 00:01:42]}
{[%emt 00:00:45]} 33. Qg1 {[%clk 00:01:06]} {[%emt 00:00:37]} Qe5 {[%clk
00:01:46]} {[%emt 00:00:26]} 34. Re1 {[%clk 00:01:02]} {[%emt 00:00:35]} Bd6
{[%clk 00:01:56]} {[%emt 00:00:20]} 35. h3 {[%clk 00:01:05]} {[%emt 00:00:26]}
Be6 {[%clk 00:01:16]} {[%emt 00:01:11]} 36. Re2 {[%clk 00:00:46]} {[%emt
00:00:49]} Ra3 {[%clk 00:00:33]} {[%emt 00:01:13]} 37. Rf2 {[%clk 00:00:40]}
{[%emt 00:00:36]} b4 {[%clk 00:00:50]} {[%emt 00:00:13]} 38. Rfb2 {[%clk
00:00:44]} {[%emt 00:00:26]} Bxh3 {[%clk 00:00:37]} {[%emt 00:00:43]} 39. Rxb4
{[%clk 00:00:39]} {[%emt 00:00:36]} Bxb4 {[%clk 00:00:38]} {[%emt 00:00:28]} 40.
Rxb4 {[%clk 00:01:05]} {[%emt 00:00:05]} Ra1 {[%clk 00:00:35]} {[%emt
00:00:33]} 41. Rb1 {[%clk 00:01:25]} {[%emt 00:00:10]} Bxg2+ {[%clk 00:16:00]}
{[%emt 00:15:05]} 42. Kxg2 {[%clk 00:31:15]} {[%emt 00:00:40]} Qg5+ {[%clk
00:16:16]} {[%emt 00:00:14]} 0-1

[Event "European Chess Club Cup 2023"]
[Site "Durres, Albania"]
[Date "2023.10.03"]
[Round "3.72"]
[White "Quaranta, Cristiano"]
[Black "Willemze, Thomas"]
[Result "0-1"]
[TimeControl "90' + 30' & 30\""]
[WhiteElo "2079"]
[BlackElo "2351"]

1. Nf3 {[%clk 01:30:56]} {[%emt 00:00:03]} d5 {[%clk 01:30:53]} {[%emt
00:00:08]} 2. g3 {[%clk 01:31:21]} {[%emt 00:00:05]} Nc6 {[%clk 01:26:20]}
{[%emt 00:05:03]} 3. d4 {[%clk 01:30:37]} {[%emt 00:01:14]} Bf5 {[%clk
01:26:26]} {[%emt 00:00:24]} 4. Bg2 {[%clk 01:29:33]} {[%emt 00:01:34]} e6
{[%clk 01:20:40]} {[%emt 00:06:16]} 5. O-O {[%clk 01:28:08]} {[%emt 00:01:54]}
Be7 {[%emt 00:07:44]} 6. c4 {[%clk 01:21:00]} Nf6 {[%clk 01:13:26]} {[%emt
00:08:07]} 7. Nc3 {[%clk 01:19:19]} {[%emt 00:02:10]} O-O {[%clk 01:13:34]}
{[%emt 00:00:23]} 8. Ne5 {[%clk 01:11:17]} {[%emt 00:08:32]} Nb4 {[%clk
01:07:01]} {[%emt 00:07:02]} 9. a3 {[%clk 00:59:58]} {[%emt 00:11:49]} Nc6
{[%clk 00:52:44]} {[%emt 00:14:47]} 10. h3 {[%clk 00:49:28]} {[%emt 00:11:01]}
Nxe5 {[%clk 00:42:11]} {[%emt 00:11:03]} 11. dxe5 {[%clk 00:49:51]} {[%emt
00:00:06]} Ne4 {[%clk 00:42:21]} {[%emt 00:00:19]} 12. cxd5 {[%clk 00:44:25]}
{[%emt 00:05:56]} Nxc3 {[%clk 00:42:26]} {[%emt 00:00:25]} 13. bxc3 {[%clk
00:44:54]} {[%emt 00:00:01]} exd5 {[%clk 00:42:48]} {[%emt 00:00:08]} 14. Qb3
{[%clk 00:44:12]} {[%emt 00:01:11]} Rb8 {[%clk 00:36:25]} {[%emt 00:06:53]} 15.
Rd1 {[%clk 00:40:14]} {[%emt 00:04:29]} Qc8 {[%clk 00:33:53]} {[%emt 00:03:02]}
16. g4 {[%clk 00:38:52]} {[%emt 00:01:52]} Be6 {[%clk 00:33:44]} {[%emt
00:00:39]} 17. Bxd5 {[%clk 00:35:02]} {[%emt 00:04:20]} Rd8 {[%clk 00:33:57]}
{[%emt 00:00:16]} 18. Be3 {[%clk 00:31:18]} {[%emt 00:04:14]} Rxd5 {[%clk
00:34:00]} {[%emt 00:00:27]} 19. Rxd5 {[%clk 00:31:09]} {[%emt 00:00:39]} c6
{[%clk 00:34:28]} {[%emt 00:00:02]} 20. c4 {[%clk 00:31:17]} {[%emt 00:00:22]}
cxd5 {[%clk 00:29:41]} {[%emt 00:05:17]} 21. cxd5 {[%clk 00:31:37]} {[%emt
00:00:11]} Bxg4 {[%clk 00:29:20]} {[%emt 00:00:51]} 22. Rc1 {[%clk 00:30:25]}
{[%emt 00:01:42]} Qf5 {[%clk 00:29:02]} {[%emt 00:00:47]} 23. hxg4 {[%clk
00:30:42]} {[%emt 00:00:14]} Qxg4+ {[%clk 00:29:26]} {[%emt 00:00:06]} 24. Kf1
{[%clk 00:30:30]} {[%emt 00:00:41]} Qh5 {[%clk 00:27:29]} {[%emt 00:02:27]} 25.
f4 {[%clk 00:18:41]} {[%emt 00:12:19]} g5 {[%clk 00:19:25]} {[%emt 00:08:34]}
26. d6 {[%clk 00:10:55]} {[%emt 00:08:16]} Qh3+ {[%clk 00:17:38]} {[%emt
00:02:17]} 27. Kf2 {[%clk 00:07:42]} {[%emt 00:03:44]} Qh4+ {[%clk 00:14:13]}
{[%emt 00:03:55]} 28. Kf3 {[%clk 00:06:00]} {[%emt 00:02:11]} Bd8 {[%clk
00:11:50]} {[%emt 00:02:54]} 29. Rg1 {[%clk 00:05:22]} {[%emt 00:01:08]} Qh3+
{[%clk 00:11:36]} {[%emt 00:00:43]} 30. Kf2 {[%clk 00:04:40]} {[%emt 00:01:12]}
g4 {[%clk 00:10:53]} {[%emt 00:01:14]} 31. Rg2 {[%clk 00:01:59]} {[%emt
00:03:11]} Rc8 {[%clk 00:09:00]} {[%emt 00:02:22]} 32. Qxb7 {[%clk 00:01:09]}
{[%emt 00:01:20]} Bh4+ {[%clk 00:09:13]} {[%emt 00:00:17]} 33. Kf1 {[%clk
00:00:51]} {[%emt 00:00:48]} Qh1+ {[%clk 00:09:38]} {[%emt 00:00:06]} 34. Rg1
{[%clk 00:00:45]} {[%emt 00:00:36]} Qxb7 {[%clk 00:09:57]} {[%emt 00:00:11]} 35.
Rxg4+ {[%clk 00:01:12]} {[%emt 00:00:03]} Kf8 {[%clk 00:10:16]} {[%emt
00:00:10]} 36. Rxh4 {[%clk 00:01:24]} {[%emt 00:00:19]} Rc3 {[%clk 00:08:38]}
{[%emt 00:02:07]} 37. Bd4 {[%clk 00:00:59]} {[%emt 00:00:55]} Rc1+ {[%clk
00:08:24]} {[%emt 00:00:44]} 38. Kf2 {[%clk 00:01:25]} {[%emt 00:00:04]} Qe4
{[%clk 00:08:25]} {[%emt 00:00:29]} 0-1